| 000 | 00373pab a2200157 454500 | ||
|---|---|---|---|
| 008 | 180718b1998 xxu||||| |||| 00| 0 eng d | ||
| 100 | _aMukhopadhyay, Alok | ||
| 245 | _aRevamping primary health care | ||
| 260 | _c1998 | ||
| 300 | _ap.69-73,90 | ||
| 362 | _aAug | ||
| 650 | _aHealth services - India | ||
| 650 | _aHealth services | ||
| 773 | _aYojana | ||
| 909 | _a38184 | ||
| 999 |
_c38184 _d38184 |
||